000 00630nam a2200217 a 4500
999 _c680
_d680
008 191010r20032012ii |||g |||| 00| 0 eng d
020 _a9788179921623
_cRs. 195.00
040 _aKO
_beng
041 0 _aeng
044 _aii
082 0 4 _223
_a158.1
_bSh233
100 1 _aSharma, Robin
245 1 0 _aThe Monk Who Sold His Ferrari :
_bA Fable About Fulfilling Your Dreams And Reaching Your Destiny /
_cRobin Sharma
260 _aMumbai :
_bJaico Publishing House,
_c2003, reprint 2012
300 _a198 p. ;
_c21.5 cm.
650 0 _aSelf-realization
650 0 _aConduct of life
904 _aS_JOY
942 _cBK